000 00842nas a2200277 4500
001 BR2012006381
003 BR-BrBNA
005 20231205121106.0
007 ta
008 230509b bl.|||p| |||| 00| 00por d
040 _aBR-BrBNA
_bpor
_cBiblioteca Nacional de Agricultura
041 _a(Pt)
072 _aL02
100 1 _aDuque, A.C.A.
100 1 _aLopes, F.C.F.
100 1 _aOliveira, J.S. e
100 1 _aBorges, A.L.C.C.
100 1 _aSilva, R.R. e
245 1 _aGlicerina: um novo milho para a alimentação de bovinos?
650 _aBOVINO
650 _aGLICERINA
650 _aNUTRIÇÃO ANIMAL
773 0 _tV Z em Minas. Revista Veterinária e Zootecnica em Minas (Brazil)
_xISSN 2179-9482
_g(Jul-Sep 2011), v. 21(110) p. 52-56
_wBR2012006381
909 _a202311
_bLúcia
_c55
_dLúcia Elande
942 _2AGRIS
_n0
_cANA
999 _c221794
_d221794